000 00685nam a2200241Ia 4500
003 OSt
005 20220918192632.0
006 a|||||r|||| 00| 0
007 ta
008 220917b |||||||| |||| 00| 0 eng d
024 _a69,329
037 _cTextual
040 _aARTS
_cARTS
_beng
041 _2eng
_aeng
082 _aQ4:33, F2
100 _aSaunders Kenneth J
_925626
245 0 _aGoyama Buddha
_b a biography based on canonical books of the Theravadin
260 _c1922
490 _aHeritage of India series ed by V S Azarian and J N Farquhar; 5
650 _aRELIGION
942 _hQ4:33, F2
_cTEXL
_2CC
999 _c195485
_d195485